A devizás könyvvezetésre való áttérés és beszámolókészítés egy adott vállalaton keresztül bemutatva

Bibliográfiai részletek
Szerző: Kazai Mercédesz Irina
További közreműködők: Sisa Dr Krisztina A.
Dokumentumtípus: Diplomadolgozat
Kulcsszavak:devizás könyvvezetés
pénznemváltás
áttérés
Online Access:http://dolgozattar.uni-bge.hu/14412

MARC

LEADER 00000nta a2200000 i 4500
001 dolg14412
005 20171218102501.0
008 171218suuuu hu om 000 hun d
040 |a BGE Dolgozattár Repozitórium  |b hun 
041 |a hu 
100 1 |a Kazai Mercédesz Irina 
245 1 2 |a A devizás könyvvezetésre való áttérés és beszámolókészítés egy adott vállalaton keresztül bemutatva  |c Kazai Mercédesz Irina  |h [elektronikus dokumentum] 
246 1 1 |a A devizás könyvvezetésre való áttérés és beszámolókészítés egy adott vállalaton keresztül bemutatva 
695 |a devizás könyvvezetés 
695 |a pénznemváltás 
695 |a áttérés 
700 1 |a Sisa Dr Krisztina A.  |e ths 
856 4 0 |u http://dolgozattar.uni-bge.hu/14412/1/Kazai%20Merc%C3%A9desz_Szakdolgozat.pdf  |z Dokumentum-elérés 
856 4 0 |u http://dolgozattar.uni-bge.hu/14412/2/Kazai%20Merc%C3%A9desz_Titkos%C3%ADt%C3%A1si%20k%C3%A9relem.pdf  |z Dokumentum-elérés